000 00454nam a2200169Ia 4500
008 180921t1994 xxu||||| |||| 00| 0 sin d
041 _asin
080 _a657
_bSRI
245 _aඋසස් පෙළ ගණකාධිකරණය
246 _aUsas pela ganakaadhikaranaya
260 _bEducation department
_c1994
300 _a271p., 25 cm
650 _aAccountancy
942 _cBK
999 _c16581
_d16581
003 LK-CoDNM
040 _aLK-CoDNM
_dLK-CoDNM
_eLK-CoDNM